000 00598nam a2200229Ia 4500
003 OSt
005 20220928105000.0
006 a|||||r|||| 00| 0
007 ta
008 220927b |||||||| |||| 00| 0 eng d
024 _a52052
037 _cTextual
040 _aSDCL
_cSDCL
_beng
041 _2eng
_aeng
082 _aO152,3M982,7, M7
100 _aPant Govind Ballabh
245 0 _aDharam chakra.
260 _aLucknow
_bTulsi Prakashan
_c1987
300 _a320p.
_ccm.
942 _hO152,3M982,7, M7
_cTEXL
_2CC
999 _c728920
_d728920